English Field Hockey Premier Teams - Statistics

General Stats
  • This quiz has been taken 110 times
  • The average score is 5 of 10
Answer Stats
Answer % Correct
Surbiton
74%
Beeston
69%
Wimbledon
61%
East Grinstead
60%
Reading
60%
Hampstead and Westminster
47%
Canterbury
34%
Cannock
31%
Southgate
24%
Brooklands MU
18%
No matching quizzes found
Score Distribution
Percent of People with Each Score
Percentile by Number Answered
Your Score History
You have not taken this quiz